00778nam a2200193 a 450000100100000000500170001000800410002704000130006810000310008124000400011224501120015225000110026426000320027530000280030770000250033570000290036095201780038999900170056700003579120200930074620.0111114s1956 sp 000 0 spa d aDO-SdBNP1 aKramer, Samuel Hoah96173810aFrom the tablets of sumerlinglés13aLa historia empieza en sumer /cSamuel Hoah Kramer ; exordio de Jean Bottero ; traducción de Jaime Elias. a2a ed. aBarcelona :bAymá,c1956. a332 p. :bil. ;c21 cm.1 aBottero, Jean9617391 aElias, Jaimeetr.961740 001050718MOaGRbGRcCTd2011-11-14iLF1l0o p35791-10r2020-06-25w2020-06-25y1zPerteneció a la biblioteca personal de Juan Isidro Jimenes Grullón.ZNo se presta c35282d35282